000 00259nam a22001217a 4500
008 181219b xxu||||| |||| 00| 0 eng d
041 _aeng
080 _a721
100 _a44
101 _aARK
245 _aArchitecture Digest
_cBarton..S
942 _2udc
_cBK
999 _c53504
_d53504